00907 a2200217 4500003000500000005001700005010001600022020001500038040000900053082001600062100002200078245008700100260002800187300002000215490002100235505025800256650004700514650004500561650004800606700003500654NUST20230127144257.0 a 78066987 a8130706202 cNust00a907.219,BEN1 aBennett, James D.10aWriting history papers :ban introduction /cJames D. Bennett, Lowell H. Harrison. aNew delhibcosmocc2007 a64 p. ;c29 cm.0 aThe Forum series aIntroduction (Page-5), Selecting a Topic (Page-7), Bibliographical Aids (Page-9), Note Taking (Page-19), Writing your Paper (Page-23), Mechanics of Term Papers (Page-29), Footnotes (Page-37), Bibliography (Page-45), Exercises (Page-57), Index (Page-63). 0aAcademic writingxHandbooks, manuals, etc. 0aHistoriographyxHandbooks, manuals, etc. 0aHistoryxResearchxHandbooks, manuals, etc.1 aHarrison, Lowell Hayes,d1922-